| 000 | 00854cam a2200301 4500 | ||
|---|---|---|---|
| 999 |
_c5075 _d5075 |
||
| 001 | 5075 | ||
| 003 | BD-JhCC | ||
| 005 | 20171207191010.0 | ||
| 008 | 710702s1969 pk b 000 0 eng d | ||
| 035 | _aMITb10422704 | ||
| 035 | _a(OCoLC)00148397 | ||
| 035 | _a(BD-JhCC)5075 | ||
| 040 |
_aDLC _cDLC _dm/c _dBD-JhCC |
||
| 041 | _aeng | ||
| 050 | 0 |
_aHC440.5 _b.M3 1970 |
|
| 082 |
_a330.954904 _bMAN 1969 |
||
| 090 | _b.M282 1970 | ||
| 100 | 1 | _aMannan, M. A. | |
| 245 | 1 | 0 |
_aEconomic problems and planning in Pakistan : _bfor B.A., M.A., & C.S.S. examinees / _c[by] M. A. Mannan. |
| 250 | _a[4th rev. ed.] | ||
| 260 |
_aLahore : _bFerozsons, _c1969 |
||
| 300 |
_av, 461 p. _c22 cm. |
||
| 504 | _aIncludes bibliographies. | ||
| 651 | 0 |
_aPakistan _xEconomic policy. |
|
| 651 | 0 |
_aPakistan _xEconomic conditions. |
|
| 942 |
_2ddc _cBK |
||